000 01394nam0a22002891 4500
001 rc\4554508
005 20130416184226.8
021 _aRU
_b69-7012
021 _aRU
_bРг4016-69
035 _a(NLR Aleph) 008365803
090 _a9026996
_c9026996
100 _a20130416d1968 |||y0rusy50 ca
101 0 _arus
102 _aRU
105 _aa z |||||
200 1 _aЦентральный научно-исследовательский автомобильный полигон НАМИ
_eКраткое описание и техн. характеристики дорог и сооружений полигона
_eИнформ. выпуск
_fНауч.-исслед. ин-т информации автомоб. пром-сти. НИИНАвтопром
210 _aМосква
_cБ. и.
_d1968
215 _a35 с.
_cил.
_d21
300 _aОтпеч. множит. аппаратом
300 _aПеред загл. авт.: канд. техн. наук С.А. Лаптев. На обл. авт. не указан
700 1 _aЛаптев
_bС. А.
_gСергей Александрович
712 0 2 _aЦентральный научно-исследовательский автомобильный полигон
_cМосква
_3RU\NLR\AUTH\8810150838
801 0 _aRU
_bNLR
_gpsbo
801 1 _aRU
_bELAR
_2rusmarc
852 _aNLR
_j69-6/2905
942 _cBOOK
980 _aNB